| 000 | 01509cam a22002533a 4500 | ||
|---|---|---|---|
| 001 | 3477 | ||
| 003 | PGUSA | ||
| 005 | 20140828083033.0 | ||
| 008 | 021001s2002||||xxu|||||s|||||000 p eng d | ||
| 040 |
_aPGUSA _beng |
||
| 042 | _adc | ||
| 050 | 4 | _aPR | |
| 100 | 1 |
_aInchfawn, Fay, _d1880- |
|
| 245 | 1 | 4 |
_aThe Verse-Book of a Homely Woman _h[electronic resource] / _cFay Inchfawn |
| 260 |
_bProject Gutenberg, _c2002 |
||
| 505 | 0 | _aThe long view -- Within my house -- The housewife -- To mother -- In such an hour -- The daily interview -- The little house -- The house-mother -- A woman in hospital -- In convalescence -- Homesick -- On washing day -- When baby strayed -- If only... -- Listening -- The dear folks in Devon -- The reason -- Two women -- The prize fight -- The home lights -- To an old teapot -- To a rebellious daughter -- For mothering! -- Little fan -- The naughty day -- To a little white bird -- Because -- When he comes -- Early spring -- The witness -- In Somerset -- Song of a woodland stream -- Luggage in advance -- At the cross roads -- Summer met me -- The carrier -- The lad's love by the gate -- The thrush -- In Dorset dear -- The flight of the fairies -- The street player -- On All Soul's Eve -- The log fire -- God save the king. | |
| 506 | _aPublic domain in the USA. | ||
| 516 | _aElectronic text | ||
| 653 | _aEnglish poetry | ||
| 653 | _aHousewives -- Poetry | ||
| 830 | 0 |
_aProject Gutenberg _v3477 |
|
| 856 | 4 | 0 | _uhttp://www.gutenberg.org/ebooks/3477 |
| 942 | _cEB | ||
| 999 |
_c232806 _d232806 |
||